00675nam a2200229 a 4500001001300000003000900013005001700022008004100039020001000080082002000090100001900110245007800129260002300207300000800230500003500238650002200273700001900295902000800314942000700322952010100329999001500430nice12345678IN_TiNIC20260116012334.0070312s2000 dela grd 000 0 eng  ac10000a324.245408bQAI aQaiser, Rizwan aCommunalisation of Education and History, Is Ayodhya Just a Physical Site aDelhibAnhadc2000 a00p aincludes index and biblioraphy aCommunalism-India1 aQaiser, Rizwan bSRS cND 00104070aHMIbHMId2007-03-13g100.00l0o324.245408 QAIp012409r2007-03-13w2026-01-16yVM c6625d6625